|
|
|
|
| LEADER |
00000nam0a2200000 4500 |
| 001 |
132528 |
| 005 |
20231101220354.0 |
| 010 |
|
|
|a 9785941781447
|
| 035 |
|
|
|a (RuTPU)RU\TPU\book\143499
|
| 090 |
|
|
|a 132528
|
| 100 |
|
|
|a 20080304d2007 m y0rusy50 ca
|
| 101 |
0 |
|
|a rus
|
| 102 |
|
|
|a RU
|
| 105 |
|
|
|a a j 001zy
|
| 200 |
1 |
|
|a Цепные и ремённые передачи с задачами и примерами расчётов
|e учебное пособие
|f П. Н. Учаев, С. Г. Емельянов, И. С. Захаров [и др.]
|
| 210 |
|
|
|a Старый Оскол
|c ТНТ
|d 2007
|
| 215 |
|
|
|a 116 с.
|c ил.
|
| 320 |
|
|
|a Библиографический список: с. 114.
|
| 330 |
|
|
|a В учебном пособии изложены основы расчета передач гибкой связью, в том числе передач роликовыми и зубчатыми цепями, а также передач плоскими, клиновыми, поликлиновыми и зубчатыми ремнями. Приведены данные, необходимые для расчета указанных передач. Сформулированы базовые задачи (модули) к расчету рассматриваемых передач и показаны примеры их расчетов. Учебное пособие предназначено для студентов машиностроительных специальностей вузов, соответствует Государственному образовательному стандарту и может быть использовано также студентами техникумов и колледжей, технологами и конструкторами машиностроительных производств.
|
| 606 |
1 |
|
|a Детали машин
|x Расчеты
|2 stltpush
|3 (RuTPU)RU\TPU\subj\72376
|9 85925
|
| 606 |
1 |
|
|a Цепные передачи
|x Расчет
|2 stltpush
|3 (RuTPU)RU\TPU\subj\18174
|9 43674
|
| 606 |
1 |
|
|a Ременные передачи
|x Расчет
|2 stltpush
|3 (RuTPU)RU\TPU\subj\25013
|9 49269
|
| 610 |
1 |
|
|a плоскоременные передачи
|
| 610 |
1 |
|
|a клиноременные передачи
|
| 610 |
1 |
|
|a поликлиновые ремни
|
| 610 |
1 |
|
|a зубчато-ременные передачи
|
| 610 |
1 |
|
|a задачи
|
| 610 |
1 |
|
|a примеры
|
| 610 |
1 |
|
|a учебные пособия
|
| 610 |
1 |
|
|a машиностроительное производство
|
| 675 |
|
|
|a 621.81.001.24(075.8)
|v 3
|
| 675 |
|
|
|a 621.855(075.8)
|v 3
|
| 675 |
|
|
|a 621.852(075.8)
|v 3
|
| 701 |
|
1 |
|a Учаев
|b П. Н.
|g Петр Николаевич
|
| 701 |
|
1 |
|a Емельянов
|b С. Г.
|g Сергей Геннадьевич
|
| 701 |
|
1 |
|a Захаров
|b И. С.
|g Иван Сафонович
|
| 701 |
|
1 |
|a Схиртладзе
|b А. Г.
|g Александр Георгиевич
|
| 701 |
|
1 |
|a Павлов
|b Е. В.
|g Евгений Васильевич
|
| 701 |
|
1 |
|a Сергеев
|b С. А.
|g Сергей Александрович
|
| 801 |
|
1 |
|a RU
|b 63413507
|c 20080304
|g PSBO
|
| 801 |
|
2 |
|a RU
|b 63413507
|c 20220505
|g PSBO
|
| 900 |
|
|
|a Детали машин
|
| 900 |
|
|
|a Детали машин и основы конструирования
|
| 900 |
|
|
|a Прикладная механика
|
| 900 |
|
|
|a Прикладная механика, машины и механизмы
|
| 900 |
|
|
|a Техническая механика
|
| 942 |
|
|
|c BK
|
| 951 |
|
|
|b 150900
|b 151000
|
| 955 |
|
|
|a 552700
|
| 959 |
|
|
|a 25/20080304
|d 3
|e 182,00
|f АНЛ:2
|f ЧЗТЛ:1
|